LEADER 00880nam a2200205 i 4500 001 000000033164 003 CaOOAMICUS 005 20180830125450.0 008 180830s1969 it u000 u ita u 040 $aSeMil$bita 100 1 $aLemoyne, Giovanni Battista,$c.$0(OLS)http://semarc/name/10665 245 10$aVita di San Giovanni Bosco /$cSac. G. B. Lemoyne ; nuova edizione a cura di don Angelo Amadei. 260 $aTorino :$bSocietà Editrice Internazionale,$c1969. 300 $a2 v. ;$c20 cm. 600 14$aBosco, Giovanni .$0(OLS)http://semarc/subject/3727 700 1 $aAmadei, Angelo.$0(OLS)http://semarc/name/10577 774 0 $tVolume 1.$g1$w()86996 774 0 $tVolume 2.$g2$w()86997 996 $6245$aVita di San Giovanni Bosco$9(OLS)http://semarc/title/44896 996 $6260$aTorino :$bSocietà Editrice Internazionale$9(OLS)http://semarc/publisher/29847 LEADER 01246nam a2200313 i 4500 001 000000111580 003 CaOOAMICUS 005 20260220095728.0 008 030123s1996 it u000 u ita u 013 $a84262 020 $a88-459-1209-4 040 $aSeMil$bita 100 1 $aWeil, Simone,$d<1909-1943>.$0(OLS)http://semarc/name/8684 240 10$aLettres à un religieux.$0(OLS)http://semarc/title/162456 245 10$aLettera a un religioso /$cSimone Weil ; a cura di Giancarlo Gaeta. 260 $aMilano :$bAdelphi,$c1996. 300 $a132 p. ;$c18 cm. 490 0 $aPiccola Biblioteca Adelphi ;$v370 650 4$aCristianesimo.$0(OLS)http://semarc/subject/425 700 1 $aGaeta, Giancarlo,$d<1942- >.$0(OLS)http://semarc/name/8707 830 0$aPiccola biblioteca Adelphi ;$v370.$0(OLS)http://semarc/title/7074 850 $aSeMil 852 $aSeMil$W1$xVenegono$y1$m2D I 167$j67404$B67404$CSeMilBibl$Z2$F101353 $81 941 1 $a4 961 $aOmaggio: Martini Card. Carlo Maria 996 $6020$a88-459-1209-4$9(OLS)http://semarc/number/93824 996 $6245$aLettera a un religioso$9(OLS)http://semarc/title/162455 996 $6260$aMilano :$bAdelphi$9(OLS)http://semarc/publisher/30018